000 00450nam a22001817a 4500
003 MPLRDC
005 20220104144255.0
008 210129b ||||| |||| 00| 0 eng d
082 _a293.25 ZHM-2
100 _a周汉明
245 _a虎年运程
_c
250 _a初版
260 _a
_b芳华文化事业股份有限公司
_c1997
300 _b
490 _a风水命理系列. 2
650 _a相书--生肖
942 _cBK
_o293.25 ZHM-2
999 _c48021
_d48011